Statistics for Личности приказане на Динару

Click here to take the quiz!

General Stats

  • This quiz has been taken 356 times
  • The average score is 7 of 9

Answer Stats

Answer% Correct
Никола Тесла
96%
Вук Стефановић Караџић
92%
Надежда Петровић
89%
Петар II Петровић Његош
85%
Милутин Миланковић
84%
Јован Цвијић
82%
Стеван Стојановић Мокрањац
78%
Ђорђе Вајферт
72%
Слободан Јовановић
50%

Score Distribution

Percentile by Number Answered

Percent of People with Each Score

Your Score History

You have not taken this quiz